|
|
|
|
| LEADER |
00619nab a2200169 i 4500 |
| 001 |
misc71995 |
| 005 |
20240124093237.0 |
| 008 |
240124s1937 hu o 000 hun d |
| 040 |
|
|
|a SZTE Miscellanea Repozitórium
|b hun
|
| 041 |
|
|
|a hun
|
| 245 |
0 |
0 |
|a Szent-Györgyi professzor a legmélyebb hálával gondol mindenkire
|h [elektronikus dokumentum]
|
| 260 |
|
|
|c 1937-11-07
|
| 300 |
|
|
|a 2
|
| 490 |
0 |
|
|a Szegedi Friss Ujság
|v 38
|
| 561 |
|
|
|a Szent-Györgyi Albertről szóló irodalom
|
| 695 |
|
|
|a Szent-Györgyi Albert, rádióriport, Hlatky Endre
|
| 856 |
4 |
0 |
|u http://misc.bibl.u-szeged.hu/71995/1/szgya_1937_274.pdf
|z Dokumentum-elérés
|